Quiz wiedzy ogólnej - Statystyki

Ogólne statystyki
  • Ten quiz został rozwiązany 178 razy
  • Średni wynik to 34 z 94
Statystyki odpowiedzi
Pytanie Odpowiedź % Poprawnych
39.Którą kategorię prawa jazdy musi mieć kierowca prowadzący autobus? D
85%
17.Które zwierzę zagrożone wyginięciem widnieje w logo organizacji działającej na rzecz ochrony środowiska naturalnego WWF? panda
76%
11.Jak nazywa się wysoka na cal dziewczynka z bajki Andersena? Calineczka
75%
23.Ile kręgów szyjnych liczy ludzki kręgosłup? 7
74%
89.W którym państwie stoi Stonehenge, megalityczna budowla kamienna wzniesiona w okresie neolitu? Wielka Brytania
74%
6.Jakim słowem określamy rozpoczęcie biegu przed sygnałem startera? falstart
72%
5.Jak miał na imię Mandela - prezydent Republiki Południowej Afryki? Nelson
69%
51.Kto zabił Goliata kamieniem z procy? Dawid
68%
27.Spośród państw w których obowiązuje ruch lewostronny które jest największe? Australia
66%
32.Ilu ludzi stanęło do tej pory na powierzchni księżyca? 12
61%
8.Które figury stoją przed rozpoczęciem partii w rogach szachownicy? wieże
60%
7.W którym państwie nadawany jest Order Narodowy Legii Honorowej? Francja
59%
84.W którym województwie leży Kołobrzeg? zachodniopomorskie
59%
76.Który kontynent zamieszkuje niedźwiedź baribal? Ameryka Północna
58%
49.Jak potocznie nazywamy długie nici pajęczyny unoszone przez wiatr wczesną jesienią? babie lato
58%
83.Harlem i Bromx to dzielnice którego miasta? Nowy Jork
57%
31.W której galilejskiej wsi Jezus podczas wesela zamienił wodę w wino? Kana Galilejska
56%
66.W którym państwie przyznawany jest Medal Zasłużony Kulturze Gloria Artis? Polska
56%
10.W którym województwie jest Międzynarodowy Port Lotniczy Pyrzowice? ślaskie
55%
88.Która figura geometryczna może być pitagorejska, ostrokątna, indyjska, egipska? trójkąt
55%
65.Wyznawcy której religii dominują w Indonezji? Islam
53%
47.Który apostoł miał przydomek Iskariota? Judasz
53%
12.W polskim hymnie narodowym występuje nazwisko hetmana polnego koronnego. Proszę podać to nazwisko oraz jego imię? Stefan Czarnecki
53%
91.Które ptaki roznoszą pocztę w świecie Harry'ego Pottera bohatera książek Joanne Rowling? sowy
52%
77.Czego jednostką w układzie SI jest Paskal? ciśnienie
50%
43.Jaką funkcję w Rzeszy Niemieckiej pełnił Otto von Bismarck? kanclerz
50%
20.Waluta jednego z europejskich państw nazywa się tak jak gatunek niewielkiego, drapieżnego ssaka - o którego ssaka chodzi? kuna
50%
85.Podczas wybuchu którego wulkanu zginął rzymski pisarz i przyrodnik Pliniusz Starszy? Wezuwiusz
50%
3.Który polski generał zginął w katastrofie lotniczej w Gibraltarze? Władysław Sikorski
50%
75.Jak nazywał się niemiecki teolog, który ogłosił 95 tez krytykując sprzedawanie odpustów na rzecz budowy Bazyliki Św. Piotra? Marcin Luter
48%
41.Jak nazywa się bardzo zasolone jezioro, najgłębsza depresja na Ziemi? Morze Martwe
48%
63.Wellington jest stolicą którego państwa? Nowa Zelandia
47%
25.Jak nazywa się tylny odcinek ciała stawonogów leżący za tułowiem? odwłok
47%
90.Która duża europejska wyspa jest nazywana szmaragdową albo zieloną? Irlandia
46%
82.Na którym kontynencie toczyła się w XIX w. tzw. wojna o Saletrę? Ameryka Południowa
45%
54.Jak nazywa się najdłuższa rzeka Francji? Loara
45%
52.W której dyscyplinie sportowej sukcesy odnosi Tomasz Majewski? pchnięcie kulą
44%
2.Co to jest insurekcja? powstanie
44%
19.Którą białą bronią walczą sportowcy w pięcioboju nowoczesnym? szpada
43%
58.W których górach szumi wodospad Siklawa? Tatry
42%
34.W której europejskiej stolicy jest lotnisko o nazwie Tegel? Berlin
40%
86.W którym mieście odbyły się ostatnie przed II wojną światową Letnie Igrzyska Olimpijskie? Berlin
40%
48.Proszę podać nazwisko przynajmniej jednego ze zwaśnionych rodów z których pochodzili Romeo i Julia, bohaterowie tragedii Szekspira? Capuleti i Monteki
40%
33.Który aktor wcielił się w postać Hana Solo w Gwiezdnych wojnach George'a Lucasa? Harrison Ford
40%
81.Jak nazywa się ścięgno łączące mięsień trójgłowy łydki z kością piętową? Achillesa
39%
13.Jaką nazwę nosi ulica na nowojorskim Manhattanie, która jest synonimem amerykańskiego teatru i rozrywki? Broadway
39%
30.Liderem którego zespołu jest Muniek Staszczyk? T.Love
39%
1.Kim była Olga Boznańska? malarka
38%
9.Części ciał których dwóch zwierząt tworzą ciało gryfa? lew i orzeł
37%
40.Kto w 1946 r. wypowiedział słowa: od Szczecina nad Bałtykiem po Triest nad Adriatykiem opuściła się na kontynent żelazna kurtyna ? Winston Churchill
37%
46.Jak nazywa się cienki placek z mąki i wody, produkt kuchni żydowskiej nazywany chlebem niedoli? maca
35%
57.W którym państwie w latach 50. XX w. rozwinął się w polityce wewnętrznej tzw. maccartyzm? USA
34%
78.Który cesarz rzymski przed samobójstwem powiedział jakiż artysta ginie w mojej osobie ? Neron
33%
62.W którym wieku kobiety w Arabii Saudyjskiej zyskały czynne i bierrne prawo wyborcze? XXI
32%
55.Jak nazywa się mały szynowy pojazd z ręcznym napędem? drezyna
31%
26.Jak nazywa się waluta obowiązująca w Puerto Rico, Ekwadorze i Timorze Wschodnim? dolar
29%
79.Jak w buddyzmie i hinduizmie nazywa się suma dobrych uczynków człowieka decydująca o charakterze następnego wcielenia w łańcuchu reinkarnacji? karma
28%
24.Jak nazywa się nowozelandzki reżyser filmowej trylogii Władca pierścieni ? Peter Jackson
27%
74.Z której komedii Moliera pochodzi ten cytat - zawistni umrą ale zawiść pozostanie ? Świętoszek
27%
64.W którym roku generał Józef Haller dokonał symbolicznych zaślubin Polski z morzem? 1920
26%
36.Który błogosławiony jest patronem Niezależnego Samorządnego Związku Zawodowego Solidarność ? Jerzy Popiełuszko
26%
56.Jak nazywał się plac w miastach starożytnego Rzymu na którym odbywały się ludowe zebrania, sądy, targi? forum
25%
50.Jaki stopień wojskowy miał Michał Wołodyjowski w ostatniej części trylogii Sienkiewicza? pułkownik
25%
42.Co zjada ptak przedstawiony na godle Meksyku? węża
23%
18.Jezioro Sromowieckie i Jezioro Czorsztyńskie to zbiorniki retencyjne na której rzece? Dunajec
22%
93.Częścią którego oceanu jest Morze Hebrydzkie? Atlantycki
21%
44.O której legendarnej wyspie opowiada Platon w swoich dziełach Timajos i Critas ? Atlantyda
20%
53.Miasto Stambuł nazywało się wcześniej Konstantynopol, a jak nazywało się to miasto w starożytności? Bizancjum
20%
4.Jak nazywa się sztuka budowania skrzypiec? lutnictwo
20%
29.Jak nazywa się krzywa płaska wielokrotnie okrążająca określony punkt, z każdym okrążeniem oddalająca się od niego? spirala
20%
69.Który kierunek filozoficzny wyraża pogląd że podstawą poznania jest doświadczenie, słowo pochodzi z greki? empiryzm
19%
80.Co jest bliższe ciału niż sukmana , jak mówi przysłowie? koszula
19%
16. Jak nazywał się pochodzący z Gdańska fizyk, który wynalazł termometr rtęciowy? Fahrenheit
18%
72. Na terenie którego państwa wznosi się najwyższy szczyt Hindukuszu który nazywa się Tiricz Mir? Pakistan
18%
14.Jak w księgowości nazywa się różnica między sumami przychodu i rozchodu - słowo pochodzi z języka włoskiego? saldo
18%
67.Która roślina jest symbolem Szkocji? oset
14%
61.Armię kórego państwa Napoleon rozbił pod Jeną w 1806 r.? Prusy
14%
73.Który malarz hiszpański żyjący w XVIII i XIX w. jest autorem cyklu graficznego Okropności wojny oraz obrazu Saturn pożerający swoje dzieci ? Francis Goya
13%
45.Co w myśl Konstytucji jest najwyższym prawem Rzeczypospolitej Polskiej? Konstytucja
13%
59.Jak nazywała się żona króla Egiptu Amenotepa IV? Nefretete
12%
37.Jak z łaciny nazywa się uznanie zagranicznego dyplomu albo tytułu naukowego za równoważny z krajowym? nostryfikacja
12%
71.Nazwa pierwiastka chemicznego brzmi tak samo jak imię gentelmena-włamywacza, bohatera powieści sensacyjnych - jaka to nazwa? Arsen
11%
92.Wojska którego państwa zdobyły Smoleńsk w 1812 r.? francuskie
10%
22.W którym mieście rozgrywa się akcja opery Carmen Bizeta? Sewilla
10%
38.Które zwierzę jest największym w Polsce przedstawicielem rodziny wiewiórkowatych? świstak
9%
68.Jak miała na imię żona Heraklesa, mimowolna sprawczyni jego śmierci? Dejanira
7%
70.Kto jest reżyserem filmu Bliskie spotkania trzeciego stopnia ? Steven Spielberg
7%
28.Ile wynosi minimalna głębokość wody pod kilem, której życzy się żeglarzom? stopa
7%
21.W którym stanie leży Camp David rezydencja Prezydenta Stanów Zjednoczonych? Maryland
6%
87.Jak nazywany jest napiwek albo drobny datek na Bliskim Wschodzie i w północnej Afryce? bakszysz
3%
15.Między którymi dwoma jeziorami znajduje się wodospad Niagara? Ontario i Erie
3%
60.Jak nazywa się cieśnina między wyspami Uznam i Wolin? Świna
2%
35.Jak ma na imie bohater powieści Umberto Eco Imię róży - mnich, franciszkanin pochodzący z Baskerville? Wilhelm
2%
94.Miasta świata Jak nazywa się jedno z siedmiu wzgórz Rzymu na którym stoi pałac prezydenta Włoch? Kwiryniał
0%
Nie znaleziono quizów pasujących do podanych kryteriów
Rozkład punktacji
Procent ludzi z każdym wynikiem
Percentyl według liczby udzielonych odpowiedzi
Twoja historia wyników
Nie rozwiązałeś tego quizu